Làm người tốt : Hiểu đạo làm người - Học cách đối nhân - Vui sống yêu đời = Be a good man: Confucius teaches you how to interact well with others

Gồm nhiều câu chuyện bổ ích theo triết lí Khổng Tử giúp các bạn trẻ tu dưỡng đạo đức, hiểu đạo làm người, học các đối nhân xử thế để hoàn thiện bản thân, trở thành người tốt, người có ích...

תיאור מלא

שמור ב:
מידע ביבליוגרפי
מחבר ראשי: Ngô, Cam Lâm
פורמט: ספר
שפה:Undetermined
יצא לאור: Thanh Hóa Nxb. Thanh Hóa 2019
נושאים:
תגים: הוספת תג
אין תגיות, היה/י הראשונ/ה לתייג את הרשומה!
Thư viện lưu trữ: Trung tâm Học liệu Trường Đại học Cần Thơ
LEADER 01073nam a2200217Ia 4500
001 CTU_238646
008 210402s9999 xx 000 0 und d
020 |c 89000 
082 |a 181.112 
082 |b L120 
100 |a Ngô, Cam Lâm 
245 0 |a Làm người tốt : 
245 0 |b Hiểu đạo làm người - Học cách đối nhân - Vui sống yêu đời = Be a good man: Confucius teaches you how to interact well with others 
245 0 |c Ngô Cam Lâm ; Văn Lâm (dịch) 
260 |a Thanh Hóa 
260 |b Nxb. Thanh Hóa 
260 |c 2019 
520 |a Gồm nhiều câu chuyện bổ ích theo triết lí Khổng Tử giúp các bạn trẻ tu dưỡng đạo đức, hiểu đạo làm người, học các đối nhân xử thế để hoàn thiện bản thân, trở thành người tốt, người có ích 
650 |a Triết học Trung Quốc,Philosophy, Chinese 
910 |b nthai 
980 |a Trung tâm Học liệu Trường Đại học Cần Thơ